000 00416nam a22001817a 4500
003 NUST
020 _a81-219-2709-9
038 _aKhadija
082 _a620.1
_bRAJ
100 _aRAJPUT,ER .R.K.
245 _aEngineering Materials and Metallurgy
250 _arevised ed
260 _aNew Delhi :
_bS. Chand
_c2013.
300 _a328 p. ;
_b24 cm.
500 _aPaperback.
563 _aPB
942 _cBK
_2ddc
999 _c33545
_d33545